00509nam a2200181Ia 450000500170000000800410001708200160005810000200007424500360009426000250013030000130015565000140016865000150018265000110019794200060020895200980021499900150031220240618030234.0240331s9999 xx 000 0 und d bGANa891.48 aGanesalingan, S 0aIru nanparkalcS. Ganeshalingan aChennaibKumarc2005 a175 p ., aPolitical aFriendship aFamily cL 001040708LaWERCLbWERCLcSSCd2024-03-31l0o 891.48 GANp5856r2024-03-31w2024-03-31yL c3936d3936